00887nam a2200229uu 4500001000800000005001700008008004100025020001800066035001200084040001300096041000800109082000800117100002500125245003400150250001700184260004300201300001800244490004300262520028700305650003300592650003200625153317220260508094025.0190830s2018 eng  a9789386279675 a1533172 ccomduadb aeng 4a51410aDeo, Satya4auteaut10aAlgebraic Topology : a primer a2. edición aIndia :bHindustan Book Agency,c2018. a344 páginas0 aText and Readings in Mathematics ;v273 aEste libro presenta los primeros conceptos de los temas de la topología algebraica, como los complejos simpliciales generales, la teoría de la homología simplicial, los grupos fundamentales, los espacios de cobertura y la teoría de la homología singular con mayor detalle. 7aTopología algebraica2lemb aHomología (Matemáticas)